LIBRARY & INFORMATION CENTRE, KCAET, TAVANUR

ONLINE PUBLIC ACCESS CATALOGUE (OPAC)

Soil survey manual (Record no. 15310)

MARC details
000 -LEADER
fixed length control field 00279nam a22001217a 4500
082 ## - DEWEY DECIMAL CLASSIFICATION NUMBER
Classification number 631.47
Item number SOI/SO
100 ## - MAIN ENTRY--AUTHOR NAME
Personal name SOIL SURVEY STAFF
245 ## - TITLE STATEMENT
Title Soil survey manual
250 ## - EDITION STATEMENT
Edition statement 1
260 ## - PUBLICATION, DISTRIBUTION, ETC. (IMPRINT)
Place of publication New Delhi
Name of publisher Oxford & IBH Publishing Co.
Year of publication 1966
300 ## - PHYSICAL DESCRIPTION
Number of Pages 503
942 ## - ADDED ENTRY ELEMENTS (KOHA)
Koha item type Books

No items available.

free website counter